Preservació i conservació de materials de biblioteca i d'arxiu a Catalunya / Mònica Baró i Llambias
Publicado:
Barcelona :
Diputació de Barcelona. Escola Universitària Jordi Rubió i Balaguer de Biblioteconomia i Documentació ,
1990
Descripción Física:
61 p. ; 21 cm
MARC
| LEADER | 00000nam a2200000Ia 4500 | ||
|---|---|---|---|
| 001 | 9227 | ||
| 008 | 160829s1990 xx 000 0 cat d | ||
| 080 | |a A-1-322 | ||
| 100 | |a Baró i Llambias, Mònica |9 34801 | ||
| 245 | |a Preservació i conservació de materials de biblioteca i d'arxiu a Catalunya / Mònica Baró i Llambias | ||
| 260 | |a Barcelona : |b Diputació de Barcelona. Escola Universitària Jordi Rubió i Balaguer de Biblioteconomia i Documentació, |c 1990 | ||
| 300 | |a 61 p. ; |c 21 cm | ||
| 590 | |a Text de la conferència llegida el 31 de març de 1989 dins del Seminari sobre el PAC organitzat per l' Escola. | ||
| 650 | |a Materials de biblioteca |x Catalunya |x Conservació i restauració |x Congressos |9 37078 | ||
| 650 | |a Materials d'arxiu |x Catalunya |x Conservació i restauració |x Congressos |9 37079 | ||
| 710 | 2 | |a Escola Universitària Jordi Rubió i Balaguer de Biblioteconomia i Documentació |9 54300 | |
| 901 | |a Arxiu | ||
| 942 | |n 1 | ||
| 952 | |0 0 |1 0 |4 0 |6 A1322 |7 1 |9 47636 |a Arxiu |b Arxiu |d 2016-12-01 |l 0 |o A-1-322 |p 9227 |r 2016-12-01 00:00:00 |w 2016-12-01 |y ARXIU | ||
| 999 | |c 51435 |d 51435 | ||